| 000 | 00587nam a2200181 i 4500 | ||
|---|---|---|---|
| 001 | 100026 | ||
| 003 | ES-MaACL | ||
| 005 | 20250915063041.0 | ||
| 007 | t| | ||
| 008 | 050921s1972 sp ||||1| spa d | ||
| 100 | 1 |
_aMartínez Val, José María, _d1916- _978455 |
|
| 245 | 1 | 0 | _aObligación colegial de promover una política jurídica. |
| 260 |
_aBarcelona : _b[s.n.], _c1972 ( _fAltés) |
||
| 300 |
_a3 h. ; _c24 cm. |
||
| 500 | _aEs tirada aparte de "Revista Jurídica de Cataluña", nº III. 1972 p. 179-183. | ||
| 852 |
_aES-MaACL _j2119-F-14 _bR.102238 |
||
| 999 |
_c100026 _d100026 |
||